Countries A-Z with the Highest Democracy Index - Statistics

General Stats
  • This quiz has been taken 691 times
  • The average score is 21 of 24
Answer Stats
Letter Democracy Index Country % Correct
D 9.28 Denmark
98%
F 9.30 Finland
96%
Q 3.17 Qatar
95%
S 9.61 Sweden
95%
J 8.48 Japan
94%
N 9.81 Norway
94%
O 3.05 Oman
94%
Y 1.95 Yemen
94%
B 7.64 Belgium
93%
G 8.73 Germany
93%
I 9.38 Iceland
93%
Z 5.73 Zambia
93%
C 8.69 Canada
92%
E 8.13 Estonia
91%
A 8.85 Australia
90%
H 6.51 Hungary
89%
L 8.88 Luxembourg
86%
P 8.08 Portugal
86%
U 8.67 Uruguay
80%
R 5.99 Romania
79%
V 2.62 Vietnam
79%
K 5.05 Kenya
75%
T 8.78 Taiwan
59%
M 8.23 Mauritius
36%
No matching quizzes found
Score Distribution
Percent of People with Each Score
Percentile by Number Answered
Your Score History
You have not taken this quiz